Films avec Paul Meurisse (par image) - Statistiques

Statistiques générales
  • Ce quiz a été pris 6 fois
  • Le résultat moyen est 7 sur 16
Statistiques - réponses
Par images Réponse % Correct
Le Monocle noir
83%
Les diaboliques
83%
L'Œil du Monocle
83%
L'armée des ombres
67%
Le Monocle rit jaune
67%
La vérité
50%
Le Cri du cormoran le soir au-dessus des jonques
50%
Marie Octobre
50%
Quand passent les faisans
50%
Le Gitan
33%
Le majordome
33%
L'Affaire des poisons
17%
Le deuxième souffle
17%
Les suspects
17%
Les voraces
17%
Macadam
0%
Aucun quiz correspondant
Distribution des résultats
% des personnes avec chaque résultat
Percentile par nombre de réponses
Votre historique - résultats
Vous n’avez pas pris ce quiz